| 000 | 00859nab a2200265 u 4500 | ||
|---|---|---|---|
| 001 | 07572 | ||
| 003 | HDC | ||
| 007 | cr bn ---aaaaa | ||
| 008 | 210127c mydr|nes 0 a may d | ||
| 040 | _aHDC | ||
| 100 |
_aMohd Zaky Zainuddin _eauthor _97645 |
||
| 245 | 0 |
_aBUKA PELUANG, PLATFORM JADI USAHAWAN / _cby Mohd Zaky Zainuddin |
|
| 260 |
_aKuala Lumpur : _bBERITA HARIAN, _c2016 |
||
| 300 | _aB5 page | ||
| 336 |
_atext _2rdacontent |
||
| 337 |
_acomputer _2rdamedia |
||
| 338 |
_aonline resource _2rdacarrier |
||
| 650 |
_aBusiness industry _96119 |
||
| 650 |
_aEconomy _91877 |
||
| 650 |
_aEntrepreneur _91863 |
||
| 856 | _zRequest full-text at [email protected] | ||
| 942 | _2lcc | ||
| 942 | _cNEWS | ||
| 942 | _kNWSC 001162 | ||
| 999 |
_c4895 _d4895 |
||